Statistics for Every NBA Franchise's best starting lineups

Click here to take the quiz!

General Stats

  • This quiz has been taken 79 times
  • The average score is 103 of 150

Answer Stats

TeamPosPlayer% Correct
Cavaliers 2015-16 | Heat 2012-13SFLebron James
100%
Nuggets 2022-23CNikola Jokic
100%
Heat 2012-13CChris Bosh
98%
Pelicans 2007-08PFDavid West
98%
Clippers 2013-14CDeandre Jordan
98%
Warriors 2016-17PFDraymond Green
98%
Heat 2012-13SGDwyane Wade
98%
Rockets 2017-18SGJames Harden
98%
Lakers 1971-72PGJerry West
98%
Thunder 2012-13 | Warriors 2016-17SFKevin Durant
98%
Warriors 2016-17SGKlay Thompson
98%
Cavaliers 2015-16PGKyrie Irving
98%
Warriors 2016-17PGStephen Curry
98%
Clippers 2013-14PFBlake Griffin
97%
Spurs 2015-16SGDanny Green
97%
Nets 2002-03PGJason Kidd
97%
Spurs 2015-16SFKawhi Leonard
97%
Bulls 1995-96SGMichael Jordan
97%
Thunder 2012-13PGRussell Westbrook
97%
Suns 2004-05PGSteve Nash
97%
Celtics 1964-65CBill Russell
95%
Clippers 2013-14 | Pelicans 2007-08 | Rockets 2017-18PGChris Paul
95%
Nuggets 2022-23PGJamal Murray
95%
Grizzlies 2021-22PGJa Morant
95%
Bucks 1970-71CKareem Abdul-Jabbar
95%
Cavaliers 2015-16PFKevin Love
95%
Pacers 1999-00SGReggie Miller
95%
Bulls 1995-96SFScottie Pippen
95%
Bulls 1995-96PFDennis Rodman
94%
Mavericks 2006-07PFDirk Nowitzki
94%
Grizzlies 2021-22PFJaren Jackson Jr.
94%
Jazz 1996-97PGJohn Stockton
94%
Cavaliers 2015-16SGJ.R. Smith
94%
Jazz 1996-97PFKarl Malone
94%
Raptors 2017-18PGKyle Lowry
94%
Jazz 1996-97SFBryon Russell
92%
Hawks 1986-87SFDominique Wilkins
92%
Bucks 1970-71PFGreg Smith
92%
Nuggets 2022-23SFMichael Porter Jr.
92%
76ers 1966-67 | Lakers 1971-92CWilt Chamberlain
92%
Nuggets 2022-23PFAaron Gordon
91%
Raptors 2017-18SGDemar Derozan
91%
Wizards 1974-75PGKevin Porter
91%
Magic 1994-95CShaquille O'Neal
91%
Trail Blazers 1990-91PGTerry Porter
91%
Pistons 2003-04PGChauncey Billups
89%
Timberwolves 2003-04PFKevin Garnett
89%
Magic 1994-95PGPenny Hardaway
89%
Grizzlies 2021-22CSteven Adams
89%
Spurs 2015-16CTim Duncan
89%
Spurs 2015-16PGTony Parker
89%
Pistons 2003-04CBen Wallace
88%
Trail Blazers 1990-91SGClyde Drexler
88%
Pacers 1999-00PGMark Jackson
88%
Pistons 2003-04PFRasheed Wallace
88%
Bucks 1970-71PGOscar Robertson
86%
Raptors 2017-18 | Thunder 2012-13PFSerge Ibaka
86%
Knicks 1969-70PGWalt Frazier
86%
Suns 2004-05CAmar'e Stoudemire
85%
Timberwolves 2003-04CErvin Johnson
85%
Suns 2004-05SFJoe Johnson
85%
Hornets 1994-95PFLarry Johnson
85%
Celtics 1964-65SGSam Jones
83%
Kings 2002-03PFChris Webber
82%
Grizzlies 2021-22SGDesmond Bane
82%
Pistons 2003-04SGRichard Hamilton
82%
Celtics 1964-65PGK.C. Jones
80%
76ers 1966-67PGWali Jones
80%
Knicks 1969-70CWillis Reed
79%
Nuggets 2022-23SGKentavious Caldwell-Pope
77%
Wizards 1974-75PFElvin Hayes
76%
Celtics 1964-65SFJohn Havlicek
76%
Bulls 1995-96PGRon Harper
74%
Wizards 1974-75CWes Unseld
74%
Bulls 1995-96CLuc Longley
73%
Heat 2012-13PGMario Chalmers
73%
Kings 2002-03 | Pelicans 2007-08SFPeja Stojakovic
73%
Warriors 2016-17CZaza Pachulia
71%
Hornets 1994-95CAlonzo Mourning
70%
Trail Blazers 1990-91PFBuck Williams
68%
Rockets 2017-18CClint Capela
68%
Grizzlies 2021-22SFDillon Brooks
68%
Magic 1994-95PFHorace Grant
68%
Pacers 1999-00PFDale Davis
67%
Suns 2004-05PFShawn Marion
67%
Pistons 2003-04SFTayshaun Prince
67%
Kings 2002-03PGMike Bibby
62%
Heat 2012-13PFUdonis Haslem
61%
Thunder 2012-13CKendrick Perkins
58%
Magic 1994-95SGNick Anderson
58%
Kings 2002-03CVlade Divac
58%
Clippers 2013-14SGJ.J. Redick
55%
Nets 2002-03SGRichard Jefferson
55%
Knicks 1969-70PFDave Debusschere
53%
76ers 1966-67SGHal Greer
53%
Pacers 1999-00CRik Smits
53%
Jazz 1996-97SGJeff Hornacek
52%
Timberwolves 2003-04PGSam Cassell
52%
76ers 1966-67SFBilly Cunningham
50%
Lakers 1971-72SGGail Goodrich
50%
Raptors 2017-18CJonas Valanciunas
50%
Pelicans 2007-08CTyson Chandler
50%
Mavericks 2006-07PGJason Terry
48%
Nets 2002-03PFKenyon Martin
48%
Spurs 2015-16PFLamarcus Aldridge
48%
Mavericks 2006-07SFJosh Howard
47%
Rockets 2017-18PFP.J. Tucker
47%
Celtics 1964-65PFTom Heinsohn
45%
Rockets 2017-18SFTrevor Ariza
45%
Hornets 1994-95PGMuggsy Bogues
44%
Hawks 1986-87PGDoc Rivers
41%
Clippers 2013-14SFMatt Barnes
41%
Thunder 2012-13SGThabo Sefolosha
39%
Kings 2002-03SGDoug Christie
38%
Hawks 1986-87PFKevin Willis
38%
Raptors 2017-18SFO.G. Anunoby
38%
Knicks 1969-70SFBill Bradley
36%
Jazz 1996-97CGreg Ostertag
36%
76ers 1966-67PFChet Walker
35%
Trail Blazers 1990-91CKevin Duckworth
35%
Mavericks 2006-07SGDevin Harris
33%
Nets 2002-03SFKerry Kittles
33%
Timberwolves 2003-04SFLatrell Sprewell
33%
Cavaliers 2015-16CTimofey mozgov
33%
Suns 2004-05SGQuentin Richardson
32%
Trail Blazers 1990-91SFJerome Kersey
30%
Bucks 1970-71SFBob Dandridge
29%
Pacers 1999-00SFJalen Rose
27%
Nets 2002-03CJason Collins
27%
Hawks 1986-87CTree Rollins
27%
Mavericks 2006-07CErick Dampier
21%
Lakers 1971-92PFHappy Hairston
20%
Bucks 1970-71SGJon McGlocklin
20%
Knicks 1969-70SGDick Barnett
15%
Hornets 1994-95SGHersey Hawkins
15%
Wizards 1974-75SGPhil Chenier
15%
Lakers 1971-92SFJim McMillan
14%
Pelicans 2007-08SGMorris Peterson
14%
Timberwolves 2003-04SGTrenton Hassell
14%
Hawks 1986-87SGRandy Wittman
11%
Wizards 1974-75SFMike Riordan
9%
Hornets 1994-95SFScott Burrell
9%
Magic 1994-95SFDonald Roval
5%

Score Distribution

Percentile by Number Answered

Percent of People with Each Score

Your Score History

You have not taken this quiz